[Event "EU-ch 18th"]
[Site "Minsk"]
[Date "2017.06.10"]
[Round "11"]
[White "Kovalenko, Igor"]
[Black "Fridman, Daniel"]
[Result "0-1"]
[WhiteElo "2657"]
[BlackElo "2605"]
[Annotator "Fridman,D"]
[PlyCount "96"]
[EventDate "2017.05.30"]
[EventType "swiss"]
[EventRounds "11"]
[EventCountry "BLR"]
[SourceTitle "CBM 179"]
[Source "ChessBase"]
[SourceDate "2017.07.12"]
[SourceVersion "1"]
[SourceVersionDate "2017.07.12"]
[SourceQuality "1"]

{Die letzte, alles entscheidende Runde. Remis würde mir für die
Welt-Cup-Qualifikation reichen, der Gewinn, dank sehr guter Buchholz,
vielleicht sogar für die Medaillenränge, aber Verlust ließe mich lehr
ausgehen.  Igor Kovalenko, der im vergangenen Jahr bei der EM in Kosovo
Zweiter geworden war und entsprechend schon qualifiziert war, wollte es mit
Weiß natürlich versuchen. Igor ist sowieso als sehr aggresiver,
kompromissloser Spieler bekannt.} 1. e4 e5 2. Bc4 {Das dritte Mal in einem
Turnier - unglaublich! Vor diesem Turnier hatte ich letztes Mal 2014 das
Läuferspiel auf dem Brett. Außerdem spielt Igor meistens 1.c4.} Nf6 3. d3 {
In der letzten Zeit wird dies häufiger von Caruana gespielt.} (3. Nc3 {
führt zur Wiener Partie.}) 3... c6 ({Nach} 3... Nc6 4. Nf3 {entsteht die
Italienische Partie oder das Zweispringerspiel, wobei Weiß einige Varianten
schon nicht mehr spielen kann.}) 4. Nf3 {Die Hauptvariante.} (4. Qe2 {ein
Versuch ...d5 zu stoppen, der aber nicht gelingt:} d5 $5 {Movsesian,S (2700)
-Fridman,D (2600) WchT 9th Antalya 2013 (6.2) 0-1} 5. exd5 cxd5 6. Qxe5+ (6.
Bb5+ Nc6 7. Nf3 $2 Bd6 8. Nxe5 O-O 9. Nxc6 bxc6 10. Bxc6 Rb8 $17) 6... Be7 7.
Bb5+ Nc6 8. Bxc6+ bxc6 9. Nf3 O-O 10. O-O Bd6 11. Qe2 Re8 12. Qd1 Bg4 13. Nbd2
Nd7 $44 {Für einen Bauer bekommt Schwarz sehr aktives Spiel.}) 4... d5 5. Bb3
(5. exd5 cxd5 6. Bb5+ Bd7 7. Bxd7+ Nbxd7 8. O-O Bd6 $11) 5... Bd6 {Ich habe
fast immer dieser Zug gemacht, aber die Alternativen 5...a5 oder 5...Bb4+ sind
auch sehr gut spielbar.} (5... Bb4+ 6. Bd2 (6. c3 {Es ist günstig für
Schwarz dieses Tempo zu "verlieren". Ohne Nc3 spielen zu können, kann Weiß
nicht so viel Druck auf das schwarze Zentrum erzeugen.} Bd6 7. O-O (7. Bg5 dxe4
8. dxe4 h6 9. Bh4 Qe7 $11 {Carlsen,M (2877)-Caruana,F (2801) Sinquefield Cup
2nd 2014 (3) 0-1}) 7... dxe4 (7... O-O 8. exd5 cxd5 (8... Nxd5 9. Re1 Bg4 10.
h3 Bh5 11. Nbd2 Nd7 12. Nc4 Qc7 13. d4 Bxf3 14. Qxf3 exd4 15. cxd4 Rae8 16. Bd2
N7f6 $11) 9. Bg5 Be6 10. c4 d4 11. c5 Bxb3 12. Qxb3 Bxc5 13. Bxf6 Qxf6 14. Qxb7
Na6 $11) 8. dxe4 Qe7 $11 {Weiß hat minimalen Entwicklungsvorsprung, den er
aber nicht wirklich ausnutzen kann.}) 6... Bxd2+ 7. Qxd2 (7. Nbxd2 a5 8. a4 Bg4
(8... Nbd7 9. O-O O-O 10. Re1 Re8 11. d4 exd4 12. exd5 Rxe1+ 13. Qxe1 cxd5 14.
Nxd4 Nc5 $14 {/=}) 9. h3 Bxf3 10. Qxf3 (10. Nxf3 Nbd7 $11) 10... O-O 11. O-O (
11. g4 $5 Na6 12. O-O-O (12. g5 Nd7 13. exd5 cxd5 14. O-O-O (14. Bxd5 Nb4 15.
Kd1 Qxg5 $11) 14... Ndc5 15. Qxd5 Qe7 $44) 12... Nc5) 11... Qd6 12. Rfe1 Nbd7
$11) 7... O-O (7... a5 8. Nc3 $5 (8. a4 O-O) 8... d4 9. Ne2 Qe7 {Caruana,F 
(2813)-Tregubov,P (2586) Bundesliga 2016-17 (15.7) 1-0} (9... a4 $5 10. Bxf7+
Kxf7 11. Nxe5+ Ke8 12. O-O Rf8 $13)) 8. Nxe5 Qe7 9. f4 dxe4 10. d4 Be6 {
Eine Verbesserung gegenüber meiner Partie mit Karjakin.} (10... Nd5 $6 {
Karjakin,S (2785)-Fridman,D (2653) Istanbul ol (Men) 40th 2012 (11.3) 1-0} 11.
Nc3 $14) 11. Nc3 Nbd7 12. O-O Rfe8 13. Rae1 Rad8 14. Bxe6 (14. Nxe4 $2 Nxe4 15.
Rxe4 Bxb3 16. Ree1 Qd6 17. axb3 Nxe5 18. fxe5 Qxd4+ $17) 14... Qxe6 15. a3 c5
16. d5 Qb6 17. Nc4 Qa6 18. Ne3 Nb6 $11) (5... a5 {Es ist in vielen Varianten
günstig für Schwarz, dass a5 a4 schon auf dem Brett steht.} 6. a4 (6. a3 Bd6
7. Nc3 (7. exd5 $6 a4 8. Ba2 cxd5 9. O-O O-O 10. Bg5 Be6 11. Nc3 Ra5 $15) 7...
d4 8. Ne2 a4 9. Ba2 c5 10. Ng3 Nc6 $11) (6. Nc3 Bb4 7. a3 Bxc3+ 8. bxc3 a4 9.
Ba2 Bg4 $11) 6... Bb4+ (6... Nbd7 7. exd5 Nxd5 8. O-O Bd6 9. Re1 O-O 10. Na3
$14) 7. c3 (7. Bd2 {Jetzt ist es nicht so gut, da Schwarz einfach auf e4
nehmen kann.} dxe4 8. dxe4 Qe7 $11) 7... Bd6 8. exd5 {Sonst nimmt man selbst
auf e4 mit dem Ausgleich.} (8. O-O dxe4 9. dxe4 O-O $11) (8. Bg5 dxe4 9. dxe4
O-O 10. Nbd2 Nbd7 11. Nc4 Bc7 12. Bc2 h6 13. Bh4 Qe7 $11) 8... cxd5 (8... Nxd5)
9. Bg5 {Weiß versucht direkt viel Druck auf d5 zu erzeugen, aber ohne
Springer auf c3 ist es viel schwieriger.} (9. O-O O-O 10. Bg5 Be6 11. Na3 {
Zugumstellung.}) 9... Be6 10. Na3 Nc6 $5 (10... Nbd7 11. Nb5 Bb8 12. O-O O-O
13. Re1 Ra6 14. Nd2 Nc5 15. d4 Nxb3 16. Nxb3 e4 17. Nc5 Rc6 18. c4 (18. Nxb7 $2
Qc8 19. Bxf6 Bg4 $17) 18... Qc8 $13) 11. Nb5 Bb8 12. O-O h6 (12... O-O) 13. Bh4
O-O 14. Re1 g5 15. Bg3 Bg4 $13 {Onischuk,V (2608)-Motylev,A (2665) 18th ch-EUR
Indiv 2017 (8.17) 0-1}) 6. exd5 (6. Nc3 {Eine etwas ruhigere Variante.} dxe4 7.
Ng5 (7. Nxe4 Nxe4 8. dxe4 {Fedoseev,V (2690)-Fridman,D (2605) 18th ch-EUR
Indiv 2017 (5.4) 0-1}) 7... O-O 8. Ngxe4 Nxe4 9. Nxe4 Bf5 {Onischuk,V (2608)
-Motylev,A (2665) 18th ch-EUR Indiv 2017 (8.17) 0-1}) 6... Nxd5 (6... cxd5 $5 {
strategisch die etwas riskantere Fortsetzung. Das schwarze Zentrum wird sofort
angegriffen.} 7. Bg5 Be6 8. Nc3 Qa5 (8... Bc7 9. d4 $1 e4 10. Nd2 Ba5 (10...
Nc6 11. Bxf6 gxf6 12. Ndxe4 dxe4 13. d5 $14) 11. O-O Nc6 12. Bxf6 gxf6 13.
Ndxe4 dxe4 14. d5 Bxc3 15. bxc3 Bd7 16. dxc6 Bxc6 17. Qg4 $14) 9. O-O Nc6 $5
10. Qe1 $13) 7. O-O O-O 8. Re1 (8. Nbd2 $5 Bg4 9. h3 Bh5 10. Nc4 Qc7 11. Nxd6
Qxd6 {Weiß bekommt den Läuferpaar. Dafür stehen die schwarzen Figuren nach
nächsten Nd7 gut und die Fesselung auf die Diagonale h5-d1 ist nur mit
schächendem g4 zu lösen.}) 8... Bg4 $5 {Es ist günstig für Schwarz, den
Läufer zuerst zu entwickeln.} (8... Nd7 9. Nbd2 Bc7 $11 {Diese Stellung ist
auch völig OK für Schwarz.}) 9. h3 (9. Nbd2 Nd7 10. h3 Bh5 11. Nc4 Qc7 $11)
9... Bh5 10. g4 {Wenn Weiß den Bauern nicht nimmt, hat Schwarz nach ...Nd7
bequemes Spiel.} Bg6 11. Nxe5 {Die Stellnung ähnellt sich dem Marschall
Angriff.} a5 $1 $146 ({Früher hat man} 11... Bxe5 {gespielt.} 12. Rxe5 Nd7 {
wichtig ist es, ...Nd7 nicht zu vergessen.} (12... Qh4 $4 13. Bg5 Qxh3 14. Bxd5
cxd5 15. Re3 $18) 13. Re1 Qh4 14. Qf3 Rae8 {Alekseev,E (2639)-Shirov,A (2720)
Bundesliga 0607 2006 (8.2) 0-1} {Und hier führt} 15. Bd2 $14 {zum Vorteil
für Weiß.}) {Weiß hat mehrere Möglichkeiten in der Stellung. Es scheint
aber, das Schwarz überall über genug Kompensation verfügt.} 12. Bd2 ({
Die Idee 11...a5 wird aus der folgenden Beispielvariante deutlich.} 12. a4 Bxe5
13. Rxe5 Nd7 14. Re1 Qh4 15. Qf3 Rfe8 (15... Rae8 16. Bd2 Rxe1+ 17. Bxe1 Ne5
18. Qg3 Qxg3+ 19. fxg3 Nf3+ 20. Kf2 Nd4 21. Bxa5 Bxd3 22. Na3 Nxb3 23. cxb3 $14
) 16. Bd2 {ohne Inklusion von a4 a5 ist dies die Hauptfortsetzung, die zu
Vorteil von Weiß führt.} (16. Rf1 Nb4 17. Be3 Ne5 18. Qg2 h5 $11) (16. Be3 h5
$44) 16... Rxe1+ 17. Bxe1 Ne5 18. Qg3 Qxg3+ 19. fxg3 Nf3+ 20. Kf2 Nd4 $11 {
Hier kann man ganz genau sehen, was die Inklusion von a5 a4 ausmacht.}) 12...
a4 13. Bxd5 (13. Bc4 $5 Nd7 $44) 13... cxd5 14. Nc3 $6 (14. f4 a3 $36) 14...
Nc6 {Jetzt steht Weiß vor gewissen Problemen.} 15. d4 Bxe5 (15... Nxd4 16. Bg5
(16. Bf4 Bxe5 17. Rxe5 Nxc2 18. Rxd5 Qf6 19. Bg5 Qb6 20. Rb5 Qc6 21. Rc1 Rfe8
$19) 16... Qxg5 17. Qxd4 a3 18. b3 Rac8 $13) 16. dxe5 d4 17. Nb5 (17. Ne4 Qd5
$15) 17... Qb6 18. Na3 (18. Nd6 f6 $17) 18... f6 (18... f5 $1 $40 {wäre
besser gewesen. Ich wollte aber, dass Weiß das Feld d6 für sein Springer
verliert.}) (18... Qxb2 19. Qc1 (19. Nc4 Qb5 20. Nd6 Qc5 $17) 19... Qb6 20. f4
Qd8 21. f5 Qd5 $132) 19. e6 Rae8 20. f4 f5 21. g5 (21. Nc4 Qc5 22. Ne5 Nxe5 23.
Rxe5 Qc6 $11) 21... Re7 22. Qf3 ({Etwas genauer wäre} 22. Qe2 d3+ (22... Rfe8
23. Qb5 Qd8 24. Qxa4 $11) 23. Qe3 Qxb2 24. Nc4 Qd4 $11) 22... Rfe8 23. Qd5 $2 {
In Zeitnot will er einfach zu viel und übersieht glatt eine Nuance.} (23. Qd3
Rxe6 24. Rxe6 Rxe6 $15) 23... Qxb2 24. Qc5 $2 {Fährt mit dem falschen Plan
fort. Die Stellung ist aber schon schwierig für Weiß.} (24. Qf3 Rxe6 25. Reb1
Re3 26. Qd5+ Bf7 27. Qxf7+ Kxf7 28. Rxb2 Rg3+ 29. Kf2 Rxa3 30. Rxb7+ Re7 31.
Rb6 Rxh3 $17) 24... Rxe6 25. Rab1 (25. Reb1 b6 $1 {Diesen kleinen Bauernzug
hat Kovalenko im Zeitnot übersehen.} 26. Rxb2 bxc5 27. Rb5 d3 $19) 25... Rxe1+
26. Bxe1 Qxa2 ({Technisch sauberer wäre} 26... Qxb1 27. Nxb1 Rxe1+ 28. Kf2
Rxb1 29. Qd5+ Kf8 $19 {gewesen.}) 27. Bf2 Nd8 $6 {Eine kleine Ungenauigkeit,
die erstmal nichts ändert.} (27... Rb8 $19) 28. Qd6 $1 Qe6 $6 {Danach konnte
Weiß richtige Probleme stellen.} (28... Bh5 $1 29. Bxd4 Qf7 $19 {Der weiße
König ist einfach zu schwach.}) 29. Qxd4 (29. Nb5 $5 $17) 29... Qc6 30. Rb6 $2
{Weiß sollte unbedingt die Damen tauschen. Jetzt ist es wieder vorbei.} (30.
Qc4+ Qxc4 31. Nxc4 Re2 32. Ne3 Rd2 $17) 30... Qf3 31. Qxa4 Bf7 {Der drohende
Angriff auf der Diagonale a8-h1 entscheidet.} 32. Rb3 (32. Rd6 Qxh3 $19) 32...
Qd1+ 33. Kg2 (33. Kh2 Re4 34. Qb5 (34. Rb4 Qf3 $19) 34... Bxb3 35. Qxb3+ Ne6
$19) 33... Re4 34. Qb5 Bxb3 35. Qxb3+ Ne6 36. Qxb7 Nxf4+ 37. Kg3 Qd8 38. h4
Nh5+ 39. Kh3 Nf4+ $138 40. Kg3 Ne2+ 41. Kf3 Nd4+ 42. Kg2 Re7 43. Qa6 Qd5+ 44.
Kh2 Re2 45. Qc8+ Kf7 46. Qc7+ Kg6 47. Qf4 Nf3+ 48. Kg3 Ne1 0-1

[Event "EU-ch 18th"]
[Site "Minsk"]
[Date "2017.06.03"]
[Round "5"]
[White "Fedoseev, Vladimir1"]
[Black "Fridman, Daniel"]
[Result "0-1"]
[WhiteElo "2690"]
[BlackElo "2605"]
[Annotator "Fridman,D"]
[PlyCount "90"]
[EventDate "2017.05.30"]
[EventType "swiss"]
[EventRounds "11"]
[EventCountry "BLR"]
[SourceTitle "CBM 179"]
[Source "ChessBase"]
[SourceDate "2017.07.12"]
[SourceVersion "1"]
[SourceVersionDate "2017.07.12"]
[SourceQuality "1"]

{Nach einem gelungenen Start durfte ich in der fünften Runde gegen Vladimir
Fedoseev spielen. Fedoseev, 22 Jahre jung, der das diesjärige Aeroflot-Open
gewonnen hat und deswegen auch in Dortmund spielen wird, gehört mit seinen
2726 zu den großen Hoffnungen des russischen Schachs. Er ist bekannt für
seine kompromisslose, unorthodoxe Spielweise.} 1. e4 {Ich hatte eher 1.d4 auf
dem Radar.} e5 2. Bc4 {Eine Überraschung. Das Läuferspiel ist eine relativ
populäre Möglichkeit um der Russichen Partie aus dem Weg zu gehen. Es
könnte auch zur Italienischen Partie führen, wenn Schwarz es will.} Nf6 3. d3
{In der letzten Zeit wird dies häufiger von Caruana gespielt.} (3. Nc3 {
führt zur Wiener Partie.}) 3... c6 ({Nach} 3... Nc6 4. Nf3 {entsteht die
Italienische Partie oder das Zweispringerspiel, wobei Weiß einige Varianten
schon nicht mehr spielen kann.}) 4. Nf3 {Die Hauptvariante.} (4. Qe2 {ist ein
Versuch ...d5 zu stoppen, der aber nicht wirklich gelingt:} d5 $5 {Movsesian,S
(2700)-Fridman,D (2600) WchT 9th Antalya 2013 (6.2) 0-1} 5. exd5 cxd5 6. Qxe5+
(6. Bb5+ Nc6 7. Nf3 $2 Bd6 8. Nxe5 O-O 9. Nxc6 bxc6 10. Bxc6 Rb8 $17) 6... Be7
7. Bb5+ Nc6 8. Bxc6+ bxc6 9. Nf3 O-O 10. O-O Bd6 11. Qe2 Re8 12. Qd1 Bg4 13.
Nbd2 Nd7 $44 {Für einen Bauer bekommt Schwarz sehr aktives Spiel.}) 4... d5 5.
Bb3 (5. exd5 cxd5 6. Bb5+ Bd7 7. Bxd7+ Nbxd7 8. O-O Bd6 $11) 5... Bd6 {Ich
habe fast immer dieser Zug gemacht, aber die Alternativen 5...a5 oder 5...Bb4+
sind auch sehr gut spielbar.} (5... Bb4+ 6. Bd2 (6. c3 {Es ist günstig für
Schwarz, dieses Tempo zu "verlieren". Ohne Nc3 spielen zu können, kann Weiß
nicht so viel Druck auf das schwarze Zentrum erzeugen.} Bd6 7. O-O (7. Bg5 dxe4
8. dxe4 h6 9. Bh4 Qe7 $11 {Carlsen,M (2877)-Caruana,F (2801) Sinquefield Cup
2nd 2014 (3) 0-1}) 7... dxe4 (7... O-O 8. exd5 cxd5 (8... Nxd5 9. Re1 Bg4 10.
h3 Bh5 11. Nbd2 Nd7 12. Nc4 Qc7 13. d4 Bxf3 14. Qxf3 exd4 15. cxd4 Rae8 16. Bd2
N7f6 $11) 9. Bg5 Be6 10. c4 d4 11. c5 Bxb3 12. Qxb3 Bxc5 13. Bxf6 Qxf6 14. Qxb7
Na6 $11) 8. dxe4 Qe7 $11 {Weiß hat minimalen Entwicklungsvorsprung, den er
aber nicht wirklich ausnutzen kann.}) 6... Bxd2+ 7. Qxd2 (7. Nbxd2 a5 8. a4 Bg4
(8... Nbd7 9. O-O O-O 10. Re1 Re8 11. d4 exd4 12. exd5 Rxe1+ 13. Qxe1 cxd5 14.
Nxd4 Nc5 $14 {/=}) 9. h3 Bxf3 10. Qxf3 (10. Nxf3 Nbd7 $11) 10... O-O 11. O-O (
11. g4 $5 Na6 12. O-O-O (12. g5 Nd7 13. exd5 cxd5 14. O-O-O (14. Bxd5 Nb4 15.
Kd1 Qxg5 $11) 14... Ndc5 15. Qxd5 Qe7 $44) 12... Nc5) 11... Qd6 12. Rfe1 Nbd7
$11) 7... O-O (7... a5 8. Nc3 $5 (8. a4 O-O) 8... d4 9. Ne2 Qe7 {Caruana,F 
(2813)-Tregubov,P (2586) Bundesliga 2016-17 (15.7) 1-0} (9... a4 $5 10. Bxf7+
Kxf7 11. Nxe5+ Ke8 12. O-O Rf8 $13)) 8. Nxe5 Qe7 9. f4 dxe4 10. d4 Be6 {
Eine Verbesserung gegenüber meiner Partie mit Karjakin.} (10... Nd5 $6 {
Karjakin,S (2785)-Fridman,D (2653) Istanbul ol (Men) 40th 2012 (11.3) 1-0} 11.
Nc3 $14) 11. Nc3 Nbd7 12. O-O Rfe8 13. Rae1 Rad8 14. Bxe6 (14. Nxe4 $2 Nxe4 15.
Rxe4 Bxb3 16. Ree1 Qd6 17. axb3 Nxe5 18. fxe5 Qxd4+ $17) 14... Qxe6 15. a3 c5
16. d5 Qb6 17. Nc4 Qa6 18. Ne3 Nb6 $11) (5... a5 {Es ist in vielen Varianten
günstig für Schwarz, dass a5 a4 schon auf dem Brett steht.} 6. a4 (6. a3 Bd6
7. Nc3 (7. exd5 $6 a4 8. Ba2 cxd5 9. O-O O-O 10. Bg5 Be6 11. Nc3 Ra5 $15) 7...
d4 8. Ne2 a4 9. Ba2 c5 10. Ng3 Nc6 $11) (6. Nc3 Bb4 7. a3 Bxc3+ 8. bxc3 a4 9.
Ba2 Bg4 $11) 6... Bb4+ (6... Nbd7 7. exd5 Nxd5 8. O-O Bd6 9. Re1 O-O 10. Na3
$14) 7. c3 (7. Bd2 {Jetzt ist es nicht so gut, da Schwarz einfach auf e4
nehmen kann.} dxe4 8. dxe4 Qe7 $11) 7... Bd6 8. exd5 {Sonst nimmt man selbst
auf e4 mit dem Ausgleich.} (8. O-O dxe4 9. dxe4 O-O $11) (8. Bg5 dxe4 9. dxe4
O-O 10. Nbd2 Nbd7 11. Nc4 Bc7 12. Bc2 h6 13. Bh4 Qe7 $11) 8... cxd5 (8... Nxd5)
9. Bg5 {Weiß versucht, viel Druck auf d5 zu erzeugen, aber ohne Springer auf
c3 ist es viel schwieriger.} (9. O-O O-O 10. Bg5 Be6 11. Na3 {Zugumstellung.})
9... Be6 10. Na3 Nc6 $5 (10... Nbd7 11. Nb5 Bb8 12. O-O O-O 13. Re1 Ra6 14. Nd2
Nc5 15. d4 Nxb3 16. Nxb3 e4 17. Nc5 Rc6 18. c4 (18. Nxb7 $2 Qc8 19. Bxf6 Bg4
$17) 18... Qc8 $13) 11. Nb5 Bb8 12. O-O h6 (12... O-O) 13. Bh4 O-O 14. Re1 g5
15. Bg3 Bg4 $13 {Onischuk,V (2608)-Motylev,A (2665) 18th ch-EUR Indiv 2017 (8.
17) 0-1}) 6. Nc3 {Gilt als nicht sehr gefährlich. Weiß zwingt Schwarz das
Zentrum sofort aufzulösen.} (6. exd5 Nxd5 (6... cxd5 $5 {strategisch die
etwas riskantere Fortsetzung. Das schwarze Zentrum wird sofort angegriffen.} 7.
Bg5 Be6 8. Nc3) 7. O-O O-O 8. Re1 (8. Nbd2 $5)) 6... dxe4 7. Nxe4 (7. Ng5 {
Diese Variante ist deutlich populärer als 7.Se4} O-O 8. Ngxe4 Nxe4 9. Nxe4 Bf5
10. Qf3 Bxe4 11. dxe4 Nd7 12. a3 $5 Nc5 13. Ba2 Qh4 14. Be3 {Hennings,A (2475)
-Suetin,A (2550) Chigorin Memorial 1973 (10) 1/2}) 7... Nxe4 8. dxe4 h6 (8...
Bb4+ {Dieser Zug scheint die Eröffnungsprobleme direkt zu lösen.} 9. Bd2 (9.
c3 Qxd1+ 10. Kxd1 Bd6 11. Ng5 O-O $11) 9... Bxd2+ 10. Nxd2 Qg5 11. O-O O-O 12.
Nc4 Na6 $11) 9. O-O Qe7 10. Be3 Nd7 $11 11. Nh4 g6 {Es scheint, dass Schwarz
keine Probleme hat.} 12. f4 $5 {Kompromisslos!} ({Nach einem "normalen"} 12. g3
Nf6 13. f3 Bh3 {ist die Stellung ausgeglichen.}) 12... Bc5 ({Auch} 12... exf4
13. Bxf4 Bxf4 14. Rxf4 Qc5+ $1 (14... Ne5 $2 15. Qd4 $16) 15. Kh1 Ne5 {scheint
für Ausgleich zu genügen.}) 13. Bxc5 Nxc5 (13... Qxc5+ 14. Kh1 exf4 {gibt
Weiß mehr Optionen anzugreifen.} 15. g3 $5 (15. Qd2 $5 g5 16. Rad1)) 14. Bxf7+
$5 {Erzwungen.} Qxf7 $6 {Und sofort unterläuft mir ein Fehler.} (14... Kxf7 {
war nötig.} 15. fxe5+ Kg7 16. Rf6 (16. Nxg6 $2 {Als wir die Partie hinterher
besprochen haben, meinte Vladimir, hier diesen schwachen Zug spielen zu wollen.
Ich bin mir aber ziemlich sicher, dass er es überdacht hätte.} Kxg6 17. Rf6+
Kg7 18. Qf3 Qxe5 19. Rf7+ Kg6 20. Rf1 Rg8 $19) 16... Nxe4 $1 (16... Qxe5 $2 17.
Rxg6+ Kh7 18. Qd2 Qh5 19. Qf2 Be6 20. g4 {verliert leider.}) 17. Qd3 $8 (17.
Rxg6+ $2 Kh7 18. Qh5 $2 Qc5+ 19. Kh1 Nf2+ {und hier dachte ich, dass ich nach
Txf2! Dxf2 Dg6# Matt kriege. Wegen dieser Halluzination habe ich mit der Dame
auf f7 genommen!}) 17... Nxf6 (17... Qc5+ $2 18. Kh1 Nf2+ 19. Rxf2 Qxf2 20.
Qxg6+ Kf8 21. Rd1 $18) 18. Qxg6+ Kf8 19. Rf1 Rh7 20. Rxf6+ Rf7 21. Qxh6+ Ke8
22. Qg6 $11 {Trotz Materialvorteil befindet sich die Partie im Gleichgewicht.
Keiner der beiden Seiten kann die Stellung entscheidend verbessern.}) 15. Qd6
Ne6 16. Qxe5 $6 {Zum Glück revanchiert sich mein Gegner sofort. Weiß besitzt
genügend Kompensation für die Figur, aber auch nicht mehr.} ({Nach} 16. fxe5
$1 Qd7 17. Nxg6 Qxd6 18. exd6 Rh7 19. Rf6 Bd7 20. Ne7 $14 {steht Schwarz
mächtig unter Druck.}) (16. f5 gxf5 17. exf5 Qc7 $13) 16... O-O 17. f5 gxf5
18. exf5 Qg7 19. Rae1 (19. Qe3 Nc7 20. Rf3 Nd5 21. Qe4 Nf6 $11) 19... Qxe5 20.
Rxe5 Nc7 {Viel besser als ...Ng5.} 21. Rd1 Re8 22. Rxe8+ Nxe8 23. g4 $2 {
Schwarz strebt den folgenden Aufbau an: Nf6, Kg7, b6 und Bb7 - 23.g4? spielt
mir in die Karten.} (23. Rd8 Kf7 24. Ng6 Nf6 25. h3 b5 26. Ne5+ Kg7 27. Nxc6 a6
28. Nb4 $11 {3 Bauern und aktive Figuren reichen vollkommen für den Ausgleich.
}) 23... Nf6 24. Rd8+ Kg7 25. Ng6 b6 26. h4 $2 {Der entscheindende Fehler.
Weiß übersieht bestimmt mein 30. Zug.} (26. Ne5 Bb7 $17) 26... Nxg4 27. Ne7
Bb7 28. Rd7 Ba6 29. Nxc6+ (29. Nd5+ Kh8 $1 {Ich denke, Vladimir hat diesen Zug
übersehen.} (29... Kf8 $2 30. Nc7 Bc8 31. Rd4 Ne5 32. Re4 $11) 30. Nc7 Rg8 $19
) 29... Kf6 30. b3 Bc8 (30... Ne3 31. c4 Nxf5 $19) 31. Rd8 Bb7 32. Rxa8 Bxa8
33. Nxa7 Ne5 (33... Ne3) 34. Kf2 Kxf5 35. Kg3 Nd7 36. Nb5 Ke5 37. c4 Nf6 38. b4
h5 39. a4 Ne4+ 40. Kh3 Nd6 41. Na3 Kd4 42. c5 bxc5 43. Nc2+ Kc4 44. bxc5 Nf5
45. Ne1 Be4 {Trotz dieser Niederlage konnte Fedoseev am Ende Platz 3 erreichen.
} 0-1

[Event "Rostock-07 IM Group"]
[Site "Rostock"]
[Date "1981.08.17"]
[Round "3"]
[White "Neukirch, Detlef"]
[Black "Malich, Burkhard"]
[Result "1/2-1/2"]
[WhiteElo "2375"]
[BlackElo "2470"]
[Annotator "Ftacnik,L"]
[PlyCount "34"]
[EventDate "1981.08.15"]
[EventType "tourn"]
[EventRounds "9"]
[EventCountry "DDR"]
[EventCategory "4"]
[SourceTitle "MCL"]
[Source "ChessBase"]
[SourceDate "1999.07.01"]
[SourceVersion "1"]
[SourceVersionDate "1999.07.01"]
[SourceQuality "1"]

1. e4 e5 2. Bc4 Nf6 3. d3 c6 4. Nf3 Be7 5. O-O d6 6. Bb3 (6. h3 O-O 7. Re1 Nbd7
8. a4 a5 9. Nc3 h6 10. Ba2 Re8 11. d4 Bf8 12. Be3 Qc7 13. Nh4 $14 {
Vogt-Tscheschov,Halle 1981}) 6... O-O 7. Nbd2 (7. c3 Nbd7 8. Re1 Nc5 9. Bc2 Bg4
) 7... Nbd7 8. c3 Nc5 9. Bc2 Re8 10. d4 Ncd7 11. Nc4 Qc7 12. a4 Bf8 13. Re1 b5
14. axb5 cxb5 15. Na5 h6 16. d5 Nb6 17. h3 Bd7 1/2-1/2